000 00468nam a22001697a 4500
005 20250319171556.0
008 250319b |||||||| |||| 00| 0 eng d
020 _a9788170081197
050 _aHF5548
_b.BII 2016
100 _aMamta Bhusry
245 _aE-Commerce /
_cMamta Bhusry
250 _a1st ed.
260 _aDelhi
_aIndia
_bLaxmi Publications Pvt Ltd
_cc2016
300 _aviii, 215pgs
_bIll., Index
_c23cm
650 _2Commerce
942 _2lcc
_cBK
_e1st ed.
_n0
999 _c4974
_d4974